[Event "Kochan Memorial op 25th"]
[Site "Koszalin"]
[Date "2014.08.12"]
[Round "2"]
[White "Kwiatkowski, Marek"]
[Black "Dmochowska, Agnieszka"]
[Result "0-1"]
[WhiteElo "1478"]
[BlackElo "1872"]
[PlyCount "88"]
[EventDate "2014.08.10"]
[EventType "swiss"]
[EventRounds "9"]
[EventCountry "POL"]
[SourceTitle "CBM 161 Extra"]
[Source "ChessBase"]
[SourceDate "2014.08.29"]
[SourceVersion "1"]
[SourceVersionDate "2014.08.29"]
[SourceQuality "1"]

1. c4 b6 2. Nc3 Bb7 3. Nf3 c5 4. e3 e6 5. d4 Nf6 6. Bd3 Be7 7. b3 0-0 8. 0-0 d5 9. Bb2 Nc6 10. cxd5 exd5 11. Qc2 Nb4 12. Qb1 Nxd3 13. Qxd3 Ne4 14. dxc5 Nxc5 15. Qd2 Ba6 16. Rfd1 Nd3 17. Ne1 Nxb2 18. Qxb2 Bf6 19. Rac1 d4 20. Ne4 dxe3 21. Nxf6+ Qxf6 22. Qxf6 gxf6 23. fxe3 Rfe8 24. Kf2 Re7 25. Rc6 Rae8 26. Nc2 Kg7 27. Rd4 f5 28. g4 Bb7 29. Rcc4 Be4 30. Nb4 fxg4 31. Nc6 Re6 32. Nxa7 Bf3 33. Rc3 Ra8 34. Rd7 Rf6 35. Kg3 Rh6 36. Rcc7 Rf8 37. Nb5 Bc6 38. Rxc6 Rxc6 39. Nd4 Rf6 40. a4 Re8 41. Kxg4 Re4+ 42. Kg3 Rxe3+ 43. Kg4 Kg6 44. Rd5 h5+ 0-1

[Event "Kochan Memorial op 24th"]
[Site "Koszalin"]
[Date "2013.08.16"]
[Round "8"]
[White "Kwiatkowski, Marek"]
[Black "Dmochowska, Agnieszka"]
[Result "0-1"]
[WhiteElo "1434"]
[BlackElo "1823"]
[PlyCount "142"]
[EventDate "2013.08.10"]
[EventType "swiss"]
[EventRounds "9"]
[EventCountry "POL"]
[SourceTitle "CBM 155 Extra"]
[Source "ChessBase"]
[SourceDate "2013.08.26"]
[SourceVersion "1"]
[SourceVersionDate "2013.08.26"]
[SourceQuality "1"]

1. c4 e5 2. Nc3 Nf6 3. d3 d5 4. cxd5 Nxd5 5. Nf3 Nc6 6. g3 Be7 7. Bg2 Nb6 8. Bd2 0-0 9. 0-0 Re8 10. Rc1 Bf8 11. a3 Bg4 12. h3 Be6 13. Ng5 Bf5 14. Qb3 Qd7 15. g4 Bg6 16. Be4 Nd4 17. Qd1 Bxe4 18. Ngxe4 c6 19. Ng3 Nd5 20. Nxd5 Qxd5 21. Be3 Qb5 22. a4 Qxb2 23. Rb1 Qa3 24. Rxb7 Reb8 25. Qb1 Bb4 26. Rxb8+ Rxb8 27. Bxd4 exd4 28. Qa1 Qxa1 29. Rxa1 Bc3 30. Ra2 Kf8 31. Ne4 Ke7 32. Kg2 f6 33. Kf3 Ke6 34. Nc5+ Kd5 35. Ne4 a5 36. Ra3 Bb2 37. Ra2 c5 38. Nd2 Bc3 39. Nc4 Rb1 40. Kg2 g6 41. Kh2 h6 42. Kg2 Ke6 43. Kg3 f5 44. Kg2 fxg4 45. hxg4 h5 46. gxh5 gxh5 47. Kh2 Rb8 48. Rc2 Rf8 49. f3 Kf6 50. Nxa5 Bxa5 51. Rxc5 Bd2 52. Rxh5 Ra8 53. Rb5 Rxa4 54. Rb1 Kf5 55. Kg3 Bf4+ 56. Kf2 Ra2 57. Rb5+ Ke6 58. Rb6+ Kd5 59. Rb5+ Kc6 60. Rb1 Be3+ 61. Kf1 Rc2 62. Ra1 Rc1+ 63. Rxc1+ Bxc1 64. Kf2 Kd6 65. Kg3 Ke5 66. Kg4 Be3 67. Kg3 Kf5 68. Kg2 Kf4 69. Kf1 Kg3 70. Ke1 Kg2 71. f4 Bxf4 0-1

[Event "Kochan Memorial op 24th"]
[Site "Koszalin"]
[Date "2013.08.13"]
[Round "5"]
[White "Koszowski, Krystian"]
[Black "Kwiatkowski, Marek"]
[Result "0-1"]
[WhiteElo "1721"]
[BlackElo "1434"]
[PlyCount "128"]
[EventDate "2013.08.10"]
[EventType "swiss"]
[EventRounds "9"]
[EventCountry "POL"]
[SourceTitle "CBM 155 Extra"]
[Source "ChessBase"]
[SourceDate "2013.08.26"]
[SourceVersion "1"]
[SourceVersionDate "2013.08.26"]
[SourceQuality "1"]

1. e4 c5 2. Nf3 Nc6 3. d4 cxd4 4. Nxd4 Nf6 5. Nc3 d6 6. Be3 g6 7. Bc4 Bg7 8. 0-0 0-0 9. h3 Bd7 10. Qd2 Rc8 11. Bb3 a6 12. Rad1 Na5 13. f4 Nxb3 14. axb3 Qc7 15. Nf3 Rfd8 16. e5 dxe5 17. fxe5 Bf5 18. Qf2 Rxd1 19. Rxd1 Ne4 20. Nxe4 Bxe4 21. Ng5 Bf5 22. g4 Qxc2 23. Qf3 Bxg4 24. Qxf7+ Kh8 25. Rc1 Qf5 26. Rxc8+ Qxc8 27. Qxe7 Qd7 28. Qxd7 Bxd7 29. Bf4 Kg8 30. h4 h6 31. Ne4 Bc6 32. Nd6 g5 33. hxg5 hxg5 34. Bg3 Kf8 35. Kf2 Ke7 36. Nf5+ Kf7 37. e6+ Kf6 38. Nxg7 Kxg7 39. Be5+ Kg6 40. e7 Kf5 41. Bc7 Ke6 42. Kg3 Kxe7 43. Kg4 Kd7 44. Ba5 Bd5 45. b4 Kc6 46. Kxg5 b6 47. Kf5 bxa5 48. bxa5 Kc5 49. Ke5 Kc4 50. Kd6 Kd4 51. Kc7 Kc5 52. Kd7 Bg8 53. Kc7 Be6 54. Kb7 Bc4 55. Kc7 Bd5 56. Kd7 Kb5 57. Kd6 Bg8 58. Ke5 Kxa5 59. Kd4 Kb4 60. Kd3 Kb3 61. Kd4 a5 62. Kc5 a4 63. Kb5 Bf7 64. Ka5 Be8 0-1

[Event "Koszalin op"]
[Site "Koszalin"]
[Date "2012.??.??"]
[Round "2"]
[White "Kwiatkowski, Marek"]
[Black "Malinowski, Andrzej"]
[Result "0-1"]
[WhiteElo "1442"]
[BlackElo "1726"]
[PlyCount "126"]
[EventDate "2012.01.06"]
[EventType "swiss"]
[EventRounds "9"]
[EventCountry "POL"]
[SourceTitle "CBM 146 Extra"]
[Source "ChessBase"]
[SourceDate "2012.02.29"]
[SourceVersion "1"]
[SourceVersionDate "2012.02.29"]
[SourceQuality "1"]

1. e4 e5 2. Bc4 Bc5 3. Nc3 Nf6 4. d3 d6 5. h3 h6 6. Nf3 0-0 7. 0-0 Be6 8. Bb3 Nbd7 9. Be3 Bb6 10. Qd2 Nc5 11. Rad1 Nxb3 12. axb3 Qd7 13. Nh2 Bxe3 14. Qxe3 Nh5 15. Ne2 g5 16. h4 Nf4 17. hxg5 Nxe2+ 18. Qxe2 hxg5 19. Qh5 f6 20. Qg6+ Qg7 21. Qxg7+ Kxg7 22. f3 Rh8 23. Rfe1 Rh4 24. Rd2 f5 25. exf5 Bxf5 26. Ree2 Kf6 27. g4 Bd7 28. c4 c5 29. Rd1 Rah8 30. Ra1 a6 31. Rc1 Bc6 32. Rf1 Rh3 33. Ref2 Ke6 34. Rg2 b5 35. Rff2 bxc4 36. bxc4 Rb8 37. Rd2 Bxf3 38. Nxf3 Rxf3 39. Rgf2 Rbf8 40. Rxf3 Rxf3 41. Kg2 Rf4 42. Kg3 Kd7 43. Rd1 Rd4 44. Kf3 Kc6 45. Ra1 Kb6 46. Ra3 Rf4+ 47. Kg3 e4 48. Rb3+ Ka7 49. dxe4 Rxe4 50. Rd3 Rd4 51. Rc3 Kb6 52. Rb3+ Kc6 53. Ra3 Kb6 54. Rb3+ Ka5 55. Ra3+ Kb4 56. Rxa6 Kxc4 57. Rb6 Kd5 58. Kf3 Rb4 59. Ra6 Rb3+ 60. Kf2 Rxb2+ 61. Ke3 Rb4 62. Kf3 Re4 63. Ra8 Re5 0-1